| 000 | 01568nam a2200253Ia 4500 | ||
|---|---|---|---|
| 999 |
_c50337 _d50337 |
||
| 001 | 17278 | ||
| 003 | GE_BSU | ||
| 005 | 20200210164346.0 | ||
| 008 | 181216s2015 xx |||||||||||||| ||geo|| | ||
| 020 | _a 23467657 | ||
| 040 | _cGE_BSU | ||
| 041 | _ageo | ||
| 080 | _a378(063) ჰ-92 | ||
| 245 |
_aჰუმანიტარულ მეცნიერებათა და სამართლის ფაკულტეტის შრომები : _bტ.3 / _cრედ:სერგო ვარდოსანიძე ; ვახტანგ გურული ; კრებული გამოსაცემად მოამზადა ლევან ჯიქიამ. |
||
| 264 |
_aთბილისი : _bმერიდიანი, _c2015. |
||
| 300 |
_a289 გვ.; _c29 სმ. |
||
| 653 | _aისტორია ფილოლოგია თარგმანმცოდნეობა სამართალი | ||
| 653 | _aშრომები | ||
| 700 |
_aვარდოსანიძე, სერგო _eრედაქტორი _96953 |
||
| 700 |
_aგურული, ვახტანგ _eრედაქტორი _9337 |
||
| 700 |
_a ჯიქია, ლევან _eკრებული გამოსაცემად მოამზადა _96954 |
||
| 710 |
_eსაქართველოს საპატრიარქოს წმიდა ანდრია პირველწოდებულის სახ. ქართული უნ-ტი _96960 |
||
| 942 |
_cBK _2udc |
||